=LDR 00000nam 2200000 4500 =001 INLIS000000000017705 =005 20130612112924 =008 ***********************************Ind** =035 ##$$0010-061300000017705 =041 ##$$a Ind =082 ##$$a 635.9 =090 ##$$a 635.9, Roo t =100 ##$$a Roospitasari, Jiranti =245 ##$$a Tanaman hias akuarium, pembudidayaan beragam jenis tanaman air dan cara pendekorasian dan akuarium, Kiranti Roespitasari =260 ##$$a 2004 $b Jakarta =300 ##$$a viii, 111 hlm, ilus, 21 cm =650 ##$$a Tanaman Hias =850 ##$$a NBPNMAT